Normal view
MARC view
Entry Topical Term
001 - CONTROL NUMBER
- control field: 79457
003 - CONTROL NUMBER IDENTIFIER
- control field: OSt
005 - DATE AND TIME OF LATEST TRANSACTION
- control field: 20200902130052.0
008 - FIXED-LENGTH DATA ELEMENTS
- fixed length control field: 200902|| aca||aabn | a|a d
040 ## - CATALOGING SOURCE
- Original cataloging agency: OSt
- Transcribing agency: OSt
150 ## - HEADING--TOPICAL TERM
- Topical term or geographic name entry element: हिन्दी
670 ## - SOURCE DATA FOUND
- Source citation: Work cat.: (OSt): शर्मा,गुलशन 79456, सामान्य हिन्दी विषयात्मक एवं वस्तुनिष्ठ, 2020









